| 000 | 00797nam a2200229 i 4500 | ||
|---|---|---|---|
| 001 | 107915 | ||
| 003 | ES-MaACL | ||
| 005 | 20250919165344.0 | ||
| 007 | t| | ||
| 008 | 061227s1969 sp ||||1| spa d | ||
| 080 | _a84-311.3"18" | ||
| 100 | 1 |
_aVerne, Jules, _d1828-1905 _9188654 |
|
| 245 | 1 | 0 |
_aEscuela de de Robinsones / _cJulio Verne; traducción de Luis Alba de la Cuesta; prólogo de Ignacio Aldecoa. |
| 260 |
_aMadrid : _bSalvat, _c1969. |
||
| 300 |
_a188 p., 1 h. ; _c19 cm. |
||
| 490 | 1 |
_aBiblioteca básica Salvat de Libros RTV ; _v19 |
|
| 700 | 1 |
_aAldecoa, Ignacio, _d1925-1969 _919628 |
|
| 700 | 1 |
_aAlba de la Cuesta, Luis. _919201 |
|
| 830 | 0 | 0 |
_aBiblioteca básica Salvat de libros RTV _v19 _9185398 |
| 852 |
_aES-MaACL _jE-2940 _bR.69765 |
||
| 999 |
_c107915 _d107915 |
||